[Event "DVM U14 2019"]
[Site "Magdeburg GER"]
[Date "2019.12.27"]
[Round "2"]
[White "Lerchl, Justus"]
[Black "Dittenberger, Nico"]
[Result "0-1"]
[Termination "normal"]
[Board "8.4"]
[WhiteElo "1464"]
[BlackElo "1362"]
[WhiteTeam "Schach-Club Vaterstetten-Grasbrunn"]
[BlackTeam "SC Landskrone"]
[PlyCount "114"]
[WhiteFideId "16240677"]
[BlackFideId "12996254"]
[EventCountry "GER"]
[EventRounds "7"]
[EventType "team-swiss"]
[EventDate "2019.12.26"]

1. e4 e5 2. Nf3 Nc6 3. Bc4 Bc5 4. c3 Nf6 5. d3 O-O 6. O-O d6 7. b4 Bb6 8. Nbd2
Bg4 9. Re1 a6 10. Nf1 d5 11. exd5 Nxd5 12. h3 Nxc3 13. Qb3 Bxf3 14. Qxc3 Bd4
15. Qb3 Bxa1 16. gxf3 Nd4 17. Qd1 Bc3 18. Re4 Qf6 19. Nh2 Bxb4 20. Rg4 Bd6 21.
Bg5 Qf5 22. Bh6 g6 23. Bxf8 Rxf8 24. Kg2 h5 25. Rg3 Qf6 26. Kh1 e4 27. Rg2 Bxh2
28. Kxh2 Nxf3+ 29. Kh1 exd3 30. Qxd3 Qa1+ 31. Qf1 Qxf1+ 32. Bxf1 Re8 33. Rg3
Re1 34. Kg2 Nh4+ 35. Kg1 Ra1 36. Rb3 b6 37. Rc3 Rxa2 38. Rxc7 Ra1 39. Rc4 Nf3+
40. Kg2 Nd2 41. Rc8+ Kg7 42. Be2 b5 43. Ra8 b4 44. Rb8 b3 45. f4 Ra2 46. Kf2 b2
47. Bd3 b1=Q 48. Bxb1 Nxb1+ 49. Ke3 Ra3+ 50. Ke2 Nc3+ 51. Kd2 Ne4+ 52. Ke2 Rxh3
53. Rb4 Nc3+ 54. Kf2 Rh2+ 55. Kf3 Rd2 56. Rc4 Rc2 57. Kg3 Ne2+ 0-1

[Event "DVM U14 2019"]
[Site "Magdeburg GER"]
[Date "2019.12.27"]
[Round "2"]
[White "Jahrke, Jonas"]
[Black "Kittel, Lennart"]
[Result "1-0"]
[Termination "normal"]
[Board "9.1"]
[WhiteElo "1833"]
[BlackElo "1493"]
[WhiteTeam "SF Katernberg"]
[BlackTeam "SF 1876 Göppingen"]
[PlyCount "65"]
[WhiteFideId "12984353"]
[BlackFideId "16254171"]
[EventCountry "GER"]
[EventRounds "7"]
[EventType "team-swiss"]
[EventDate "2019.12.26"]

1. Nf3 d5 2. g3 Nf6 3. Bg2 e6 4. O-O c5 5. c4 d4 6. b4 cxb4 7. a3 b3 8. Qxb3
Nc6 9. d3 e5 10. Nbd2 Be7 11. a4 O-O 12. Ba3 Re8 13. Bxe7 Qxe7 14. Qb2 Bf5 15.
Rfb1 Rab8 16. Nh4 Bd7 17. Qa3 Na5 18. Qxe7 Rxe7 19. Nb3 Nxb3 20. Rxb3 Bc8 21.
Rab1 Rc7 22. Nf3 Rc5 23. Rb5 Nd7 24. Rxc5 Nxc5 25. Nxe5 Nxa4 26. Nc6 Ra8 27.
Nxd4 Nc5 28. Rb5 Ne6 29. Nxe6 fxe6 30. Bxb7 Bxb7 31. Rxb7 Kf8 32. Kf1 a5 33.
Ke1 1-0

[Event "DVM U14 2019"]
[Site "Magdeburg GER"]
[Date "2019.12.27"]
[Round "2"]
[White "Berresheim, Nils"]
[Black "Blazevic, Ksaver"]
[Result "1-0"]
[Termination "normal"]
[Board "9.3"]
[WhiteElo "1509"]
[BlackElo "1304"]
[WhiteTeam "SF Katernberg"]
[BlackTeam "SF 1876 Göppingen"]
[PlyCount "59"]
[WhiteFideId "16246306"]
[BlackFideId "16255534"]
[EventCountry "GER"]
[EventRounds "7"]
[EventType "team-swiss"]
[EventDate "2019.12.26"]

1. d4 d5 2. c4 c6 3. Nc3 Nf6 4. Nf3 e6 5. e3 Bb4 6. Bd2 O-O 7. Bd3 Nbd7 8. O-O
dxc4 9. Bxc4 Re8 10. a3 Ba5 11. Re1 b5 12. Bd3 e5 13. Qc2 Bb7 14. Red1 Bxc3 15.
Bxc3 e4 16. Be2 exf3 17. gxf3 Qe7 18. Kh1 c5 19. Rg1 cxd4 20. Bxd4 Ne5 21. Qf5
Rac8 22. Rg5 Ng6 23. h4 Ne4 24. Rg2 Nd6 25. Qg4 Qxh4+ 26. Qxh4 Nxh4 27. Rxg7+
Kf8 28. Rxh7 Bxf3+ 29. Bxf3 Nxf3 30. Bf6 1-0

[Event "DVM U14 2019"]
[Site "Magdeburg GER"]
[Date "2019.12.27"]
[Round "2"]
[White "Heilig, Tim Markus"]
[Black "Rasch, Lukas"]
[Result "0-1"]
[Termination "normal"]
[Board "9.4"]
[WhiteElo "1191"]
[BlackElo "1596"]
[WhiteTeam "SF 1876 Göppingen"]
[BlackTeam "SF Katernberg"]
[PlyCount "140"]
[WhiteFideId "16295935"]
[BlackFideId "16272072"]
[EventCountry "GER"]
[EventRounds "7"]
[EventType "team-swiss"]
[EventDate "2019.12.26"]

1. e4 c5 2. Nf3 d6 3. d4 cxd4 4. Nxd4 Nf6 5. Nc3 g6 6. Be3 Bg7 7. Be2 O-O 8.
O-O Nc6 9. Qd2 a6 10. Rad1 Qc7 11. a3 Rd8 12. f4 d5 13. e5 Ne4 14. Nxe4 dxe4
15. Qe1 Nxd4 16. Bxd4 Qxc2 17. Qf2 Be6 18. Rc1 Qa4 19. Rfd1 f5 20. Qe3 Kf7 21.
Rd2 Bh6 22. g3 Rac8 23. Rxc8 Rxc8 24. Bd1 Qb5 25. Be2 Rc1+ 26. Kf2 Bc4 27.
Bxc4+ Qxc4 28. Qe2 e6 29. Qxc4 Rxc4 30. Ke3 Bf8 31. Rd1 Rc2 32. h4 Rg2 33. Rc1
Rxg3+ 34. Ke2 Rg2+ 35. Ke3 Rg3+ 36. Ke2 Rb3 37. Rc7+ Kg8 38. Rc8 Kg7 39. Rc7+
Kh6 40. Rc1 Kh5 41. Rh1 Kg4 42. Bc3 Bc5 43. Rf1 b5 44. Kd2 a5 45. Kc2 a4 46.
Kd2 b4 47. axb4 Bxb4 48. Kc2 Bxc3 49. bxc3 Kxh4 50. Rg1 Rb7 51. Kd2 a3 52. Kc1
a2 53. Kc2 Ra7 54. Kb2 a1=Q+ 55. Rxa1 Rxa1 56. Kxa1 e3 57. c4 e2 58. c5 e1=Q+
59. Kb2 Qb4+ 60. Ka2 Qxc5 61. Kb3 Qe3+ 62. Kc4 Qxf4+ 63. Kd3 Qe4+ 64. Kd2 Qd4+
65. Ke2 Qxe5+ 66. Kf2 Qg3+ 67. Ke2 e5 68. Kf1 e4 69. Ke2 e3 70. Kf1 Qf2# 0-1

[Event "DVM U14 2019"]
[Site "Magdeburg GER"]
[Date "2019.12.27"]
[Round "2"]
[White "Schuh, Ramon"]
[Black "Halabi, Ibrahim"]
[Result "0-1"]
[Termination "normal"]
[Board "10.1"]
[WhiteElo "1360"]
[BlackElo "1918"]
[WhiteTeam "FVS ASP Hoyerswerda"]
[BlackTeam "SK Frankenthal"]
[PlyCount "166"]
[WhiteFideId "16215982"]
[BlackFideId "16241754"]
[EventCountry "GER"]
[EventRounds "7"]
[EventType "team-swiss"]
[EventDate "2019.12.26"]

1. b3 d5 2. Bb2 Nf6 3. e3 e6 4. Nf3 c5 5. c4 Nc6 6. Be2 d4 7. d3 e5 8. exd4
exd4 9. O-O Bd6 10. Re1 O-O 11. h3 b6 12. Bf1 Bb7 13. g3 Qc7 14. Bg2 Rfe8 15.
a3 Rxe1+ 16. Qxe1 Re8 17. Qf1 Ne7 18. Nbd2 Ng6 19. Re1 Rxe1 20. Qxe1 h5 21. h4
Bc6 22. b4 a6 23. Ng5 Bxg2 24. Kxg2 Ne5 25. Qe2 Qc6+ 26. Kg1 Qd7 27. bxc5 bxc5
28. Nde4 Nxe4 29. Qxe4 g6 30. Bc1 Kg7 31. Bf4 Qe7 32. Nf3 Nxf3+ 33. Qxf3 Qe1+
34. Kg2 Bxf4 35. Qxf4 Qe2 36. Qd6 Qxd3 37. Qxc5 Qe4+ 38. Kg1 d3 39. Qd6 Qxc4
40. Qe5+ Kh7 41. Qd6 Qc1+ 42. Kg2 Qc4 43. Qd7 Qe4+ 44. Kg1 Kg7 45. Qd6 Qe1+ 46.
Kg2 Qc3 47. Qd5 d2 48. a4 a5 49. Kh2 Qb2 50. Kg2 Qc2 51. Qd4+ Kh7 52. Qd5 Kg7
53. Qd4+ f6 54. Qd7+ Kh6 55. Qe8 Qc7 56. Qe3+ Kg7 57. Qxd2 Qc6+ 58. Kh2 Qxa4
59. Qd8 Qa2 60. Qe7+ Qf7 61. Qa3 Qa7 62. Kg1 a4 63. Kg2 Qb7+ 64. Kg1 Qe4 65.
Kh2 Kf7 66. Kg1 Ke6 67. Kh2 Kf5 68. Qc5+ Kg4 69. Qc8+ f5 70. Qa6 f4 71. Qf6
fxg3+ 72. fxg3 Qc2+ 73. Kg1 Kxg3 74. Qg5+ Kf3 75. Qf6+ Ke3 76. Qe5+ Kd3 77.
Qg3+ Kc4 78. Qf4+ Kb3 79. Qe3+ Kb2 80. Qe5+ Kb1 81. Qb5+ Ka1 82. Qe5+ Qb2 83.
Qe4 Qb1+ 0-1

[Event "DVM U14 2019"]
[Site "Magdeburg GER"]
[Date "2019.12.27"]
[Round "2"]
[White "Schreidl, Michael"]
[Black "Friedrich, Eddie"]
[Result "1-0"]
[Termination "normal"]
[Board "10.2"]
[WhiteElo "1632"]
[BlackElo "1507"]
[WhiteTeam "SK Frankenthal"]
[BlackTeam "FVS ASP Hoyerswerda"]
[PlyCount "127"]
[WhiteFideId "16265750"]
[BlackFideId "16274946"]
[EventCountry "GER"]
[EventRounds "7"]
[EventType "team-swiss"]
[EventDate "2019.12.26"]

1. e4 e5 2. Nf3 Nf6 3. Nxe5 d6 4. Nf3 Nxe4 5. d4 d5 6. Bd3 Bf5 7. c4 Bb4+ 8.
Nbd2 c6 9. Qe2 O-O 10. a3 Nxd2 11. axb4 Bxd3 12. Qxd3 Nxc4 13. O-O Qd6 14. b3
Nb6 15. Ba3 Qf6 16. Rfe1 N8d7 17. b5 Rfe8 18. bxc6 Qxc6 19. Rac1 Rxe1+ 20. Rxe1
Rc8 21. Qe3 Nf6 22. Ne5 Qc3 23. Bc5 Qxe3 24. fxe3 Ne4 25. b4 f6 26. Nd3 Kf7 27.
Ra1 Rc7 28. Nf4 Rd7 29. Nd3 Nc4 30. Rxa7 Nxe3 31. Bb6 Nf5 32. Nc5 Nxc5 33. Bxc5
Ne3 34. Kf2 Nc4 35. b5 Ke6 36. b6 Nd2 37. Ke3 Nb3 38. Kd3 Nxc5+ 39. dxc5 d4 40.
c6 bxc6 41. b7 Rxb7 42. Rxb7 g5 43. Rxh7 c5 44. Kc4 Kd6 45. Rh6 Ke5 46. Kxc5 d3
47. Rh8 Ke4 48. Kc4 Ke3 49. Kc3 f5 50. Rh3+ Kf2 51. Rf3+ Kxg2 52. Rxf5 g4 53.
Rg5 Kf3 54. Kxd3 Kf4 55. Rg8 Kf3 56. Rf8+ Kg2 57. Ke2 Kxh2 58. Kf2 g3+ 59. Kf3
g2 60. Rh8+ Kg1 61. Rg8 Kh1 62. Kf2 g1=Q+ 63. Rxg1+ Kh2 64. Rg3 1-0

[Event "DVM U14 2019"]
[Site "Magdeburg GER"]
[Date "2019.12.27"]
[Round "2"]
[White "Lesnikowski, Maciej"]
[Black "Yergin, Danyar"]
[Result "1-0"]
[Termination "normal"]
[Board "10.3"]
[WhiteElo "1366"]
[BlackElo "1428"]
[WhiteTeam "FVS ASP Hoyerswerda"]
[BlackTeam "SK Frankenthal"]
[PlyCount "89"]
[WhiteFideId "21038910"]
[BlackFideId "16243722"]
[EventCountry "GER"]
[EventRounds "7"]
[EventType "team-swiss"]
[EventDate "2019.12.26"]

1. e4 c6 2. d4 d5 3. exd5 cxd5 4. Nf3 Bg4 5. Bf4 Nc6 6. c3 e6 7. Bd3 Bd6 8.
Bxd6 Qxd6 9. Bb5 Nge7 10. Nbd2 O-O 11. O-O a6 12. Bxc6 Nxc6 13. Re1 Rac8 14. h3
Bxf3 15. Nxf3 b5 16. b4 Rc7 17. Rc1 Rfc8 18. Qd2 h6 19. Qe3 a5 20. a3 Ra7 21.
Re2 axb4 22. axb4 Rac7 23. Ree1 Nb8 24. Re2 Nd7 25. Rec2 Nb6 26. Ne5 Nc4 27.
Nxc4 bxc4 28. Ra2 Re7 29. Re2 Ra8 30. Qd2 Rea7 31. g3 f6 32. Rce1 Re8 33. Qf4
Qxf4 34. gxf4 Rae7 35. h4 Kf7 36. Kg2 g5 37. fxg5 fxg5 38. hxg5 Rg8 39. f4 hxg5
40. f5 Rge8 41. fxe6+ Kg6 42. Re5 Rd8 43. Kg3 Rd6 44. Kg4 Kf6 45. Rf5+ 1-0

[Event "DVM U14 2019"]
[Site "Magdeburg GER"]
[Date "2019.12.27"]
[Round "2"]
[White "Morgenthaler, Nick"]
[Black "Stark, Niklas"]
[Result "1-0"]
[Termination "normal"]
[Board "10.4"]
[WhiteElo "1391"]
[BlackElo "942"]
[WhiteTeam "SK Frankenthal"]
[BlackTeam "FVS ASP Hoyerswerda"]
[PlyCount "37"]
[WhiteFideId "16286138"]
[BlackFideId "16298250"]
[EventCountry "GER"]
[EventRounds "7"]
[EventType "team-swiss"]
[EventDate "2019.12.26"]

1. d4 d5 2. c4 e6 3. Nc3 Nf6 4. Bg5 Be7 5. Nf3 Nbd7 6. e3 b6 7. Rc1 c5 8. cxd5
Nxd5 9. Nxd5 Bxg5 10. Nc7+ Qxc7 11. Nxg5 Qd6 12. Qf3 Qd5 13. Qxf7+ Kd8 14.
Nxe6+ Qxe6 15. Qxe6 Bb7 16. Bb5 Bc8 17. Qd5 cxd4 18. Rxc8+ Rxc8 19. Qxd7# 1-0